<?xml version="1.0" encoding="UTF-8"?>
<collection xmlns="http://www.loc.gov/MARC21/slim">
 <record>
  <leader>00635pamaa2200181   4500</leader>
  <controlfield tag="001">0000030469</controlfield>
  <controlfield tag="005">20070608090000.0</controlfield>
  <datafield tag="020" ind1="0" ind2="0">
   <subfield code="a">041519766X </subfield>
  </datafield>
  <datafield tag="082" ind1=" " ind2=" ">
   <subfield code="a">338.064 IND</subfield>
  </datafield>
  <datafield tag="090" ind1="0" ind2="0">
   <subfield code="a">HC445.5.Z9 </subfield>
   <subfield code="b">IND 1999</subfield>
  </datafield>
  <datafield tag="245" ind1="0" ind2="0">
   <subfield code="a">INDUSTRIAL Technology development in Malaysia : </subfield>
   <subfield code="b">industry and firms studies  </subfield>
   <subfield code="c">edited by Jomo K. S., Greg Felker and Rajah Rasiah.</subfield>
  </datafield>
  <datafield tag="260" ind1="0" ind2="0">
   <subfield code="a">London: </subfield>
   <subfield code="b">Routledge, </subfield>
   <subfield code="c">1999.</subfield>
  </datafield>
  <datafield tag="300" ind1=" " ind2=" ">
   <subfield code="a">xiii, 399p.; </subfield>
   <subfield code="c">24cm.</subfield>
  </datafield>
  <datafield tag="650" ind1="0" ind2="0">
   <subfield code="a">Technological innovations -- </subfield>
   <subfield code="x">Economic aspects -- </subfield>
   <subfield code="z">Malaysia </subfield>
  </datafield>
  <datafield tag="650" ind1="0" ind2="0">
   <subfield code="a">High technology industries -- </subfield>
   <subfield code="z">Malaysia </subfield>
  </datafield>
  <datafield tag="700" ind1="1" ind2="1">
   <subfield code="a">K. S., </subfield>
   <subfield code="h">Jomo </subfield>
  </datafield>
  <datafield tag="700" ind1="1" ind2="1">
   <subfield code="a">FELKER, </subfield>
   <subfield code="h">Greg </subfield>
  </datafield>
  <datafield tag="700" ind1="1" ind2="1">
   <subfield code="a">Rasiah, </subfield>
   <subfield code="h">Rajah </subfield>
  </datafield>
 </record>
</collection>
